Biblioteca y Centro de Documentación

Vista normal Vista MARC

Entrada Nombre corporativo

Número de registros utilizados en: 32

001 - NÚMERO DE CONTROL

  • Campo de control: 3345

003 - IDENTIFICADOR DE NÚMERO DE CONTROL

  • Campo de control: ES-MaCES

005 - FECHA Y HORA DE LA ULTIMA MODIFICACION

  • Campo de control: 20120323133600.0

008 - ELEMENTOS DE DATOS DE LONGITUD FIJA

  • Campo de longitud fija: 120323 | azznnaabn || ana d

035 ## - NÚMERO DE CONTROL DEL SISTEMA

  • Número de control del sistema: CES20120000347e

040 ## - FUENTE DE LA CATALOGACIÓN

  • Agencia original de catalogación: ES-MaCES
  • Idioma de catalogación: spa
  • Agencia de transcripción: ES-MaCES

110 1# - ENCABEZAMIENTO--NOMBRE CORPORATIVO

  • Nombre corporativo o de jurisdicción como elemento de entrada: España
  • Título de una obra: Real Decreto-Ley de medidas urgentes para la reforma del mercado laboral
  • Lugar de reunión o firma del tratado: 2012

510 1# - TRAZADO VEÁSE ADEMÁS--NOMBRE CORPORATIVO

  • Nombre corporativo o jurisdicción como elemento de entrada: España
  • Título de una obra: Ley de medidas urgentes para la reforma del mercado laboral
  • Fecha de reunión o firma de tratado: 2012

670 ## - FUENTE DE DATOS ENCONTRADOS

  • Fuente de citación: BOE n. 36 (11 de febrero de 2012)
  • Información encontrada: : RDL 3/2012, de 10 de febrero

901 ## - CES. DATOS SIRTEX

  • ID Sirtex (N5N8): 0001800007582
  • 005BIS Sirtex: 201203231336ALORITE
© CES, Consejo Económico y Social de España 2021